[Event "Asia-ch Blitz U20 Girls"]
[Site "Jamshedpur"]
[Date "2023.09.15"]
[Round "9"]
[White "Saniya, Rafique Tadavi"]
[Black "Swara, Lakshmi S Nair"]
[Result "0-1"]
[WhiteElo "1502"]
[BlackElo "1431"]
[PlyCount "90"]
[EventDate "2023.09.15"]
[EventType "swiss (blitz)"]
[EventRounds "9"]
[EventCountry "IND"]
[SourceTitle "EXT 2024"]
[Source "ChessBase"]
[SourceDate "2023.10.10"]
[SourceVersion "1"]
[SourceVersionDate "2023.10.10"]
[SourceQuality "1"]

1. e4 c5 2. Nf3 d6 3. d4 cxd4 4. Nxd4 Nf6 5. f3 e5 6. Nb3 d5 7. Bg5 Be6 8. Bb5+ Nc6 9. Nc3 d4 10. Ne2 Qb6 11. Bd3 Bb4+ 12. c3 dxc3 13. bxc3 Be7 14. Qd2 Rd8 15. Be3 Qc7 16. 0-0 0-0 17. Kh1 Bc4 18. Nbc1 Na5 19. Rd1 Bxd3 20. Nxd3 Nc4 21. Qc1 Ba3 22. Qb1 Nxe3 23. Re1 Nc4 24. Ng3 a6 25. Qc2 Rd7 26. Nf5 Rfd8 27. Nb4 Bxb4 28. cxb4 g6 29. Ng3 b5 30. Rad1 Rxd1 31. Rxd1 Rxd1+ 32. Qxd1 Qd6 33. Qc2 Qxb4 34. h3 Qd2 35. Qb3 h5 36. Nf1 Qe1 37. Kg1 Qxf1+ 38. Kxf1 Nd2+ 39. Ke2 Nxb3 40. axb3 a5 41. Kd3 Nd7 42. g4 Kf8 43. h4 Ke7 44. g5 Kd6 45. Kc3 Kc5 0-1

[Event "Asia-ch Rapid U20 Girls"]
[Site "Jamshedpur"]
[Date "2023.09.08"]
[Round "2"]
[White "Aanya, Chawat"]
[Black "Saniya, Rafique Tadavi"]
[Result "1-0"]
[WhiteElo "1265"]
[BlackElo "1524"]
[PlyCount "54"]
[EventDate "2023.09.08"]
[EventType "swiss (rapid)"]
[EventRounds "9"]
[EventCountry "IND"]
[SourceTitle "EXT 2024"]
[Source "ChessBase"]
[SourceDate "2023.10.10"]
[SourceVersion "1"]
[SourceVersionDate "2023.10.10"]
[SourceQuality "1"]

1. d4 Nf6 2. Bf4 d6 3. Nc3 g6 4. e4 Bg7 5. Qd2 0-0 6. 0-0-0 Nc6 7. f3 Re8 8. Bh6 Bh8 9. h4 Nh5 10. Nge2 e5 11. d5 Nd4 12. Nxd4 exd4 13. Ne2 Qf6 14. g4 d3 15. Nc3 Qxf3 16. Bxd3 Qxg4 17. Be2 Qg3 18. Bxh5 Qe5 19. Bf3 b5 20. Qf4 Qe7 21. Bg5 f6 22. Bh6 b4 23. Nb5 f5 24. exf5 Bxf5 25. Nd4 Qf6 26. Bg4 Re4 27. Bxf5 gxf5 1-0

[Event "Asia-ch Rapid U20 Girls"]
[Site "Jamshedpur"]
[Date "2023.09.08"]
[Round "3"]
[White "Saniya, Rafique Tadavi"]
[Black "Bristy, Mukherjee"]
[Result "0-1"]
[WhiteElo "1524"]
[BlackElo "1695"]
[PlyCount "86"]
[EventDate "2023.09.08"]
[EventType "swiss (rapid)"]
[EventRounds "9"]
[EventCountry "IND"]
[SourceTitle "EXT 2024"]
[Source "ChessBase"]
[SourceDate "2023.10.10"]
[SourceVersion "1"]
[SourceVersionDate "2023.10.10"]
[SourceQuality "1"]

1. e4 c6 2. d4 g6 3. Nf3 Bg7 4. Bg5 d5 5. e5 Bg4 6. Be2 Qb6 7. b3 Nd7 8. 0-0 Nh6 9. Nbd2 f6 10. exf6 exf6 11. Bf4 0-0 12. c4 Rfe8 13. Rc1 Be6 14. h4 Nf5 15. c5 Qb4 16. Nb1 Qa5 17. a3 Bf7 18. b4 Qd8 19. Nc3 Nf8 20. a4 Ne6 21. Bh2 Bh6 22. Rb1 Nf4 23. b5 Qa5 24. Qc2 Qxc3 25. Qxc3 Nxe2+ 26. Kh1 Nxc3 27. bxc6 bxc6 28. Rb7 Re7 29. Rb3 Ne4 30. g4 Nxh4 31. Nxh4 Nd2 32. Rfb1 Rae8 33. Kg2 Re4 34. f3 Re2+ 35. Kh3 Bg5 36. Ng2 Nxb1 37. Rxb1 Rf2 38. Rb3 h5 39. Bg3 hxg4+ 40. fxg4 Ra2 41. Rb4 Ree2 42. Nf4 Bxf4 43. Bxf4 Ra3+ 0-1

[Event "IND-ch (Women) 49th"]
[Site "Ahmedabad"]
[Date "2023.07.06"]
[Round "7"]
[White "Saniya, Rafique Tadavi"]
[Black "Bristy, Mukherjee"]
[Result "1/2-1/2"]
[WhiteElo "1671"]
[BlackElo "1873"]
[PlyCount "233"]
[EventDate "2023.06.30"]
[EventType "swiss"]
[EventRounds "11"]
[EventCountry "IND"]
[SourceTitle "CBM 215 Extra"]
[Source "ChessBase"]
[SourceDate "2023.09.30"]
[SourceVersion "1"]
[SourceVersionDate "2023.09.30"]
[SourceQuality "1"]

1. e4 c6 2. d4 d5 3. exd5 cxd5 4. c4 Nf6 5. Nc3 Nc6 6. Nf3 Bg4 7. cxd5 Nxd5 8. Qb3 Bxf3 9. gxf3 e6 10. Qxb7 Nxd4 11. Bb5+ Nxb5 12. Qxb5+ Qd7 13. Qxd7+ Kxd7 14. Nxd5 exd5 15. Be3 Bb4+ 16. Ke2 Rhc8 17. Kd3 Bd6 18. Rhg1 g6 19. Bd4 a6 20. h3 Rc6 21. Rac1 Rac8 22. Rxc6 Rxc6 23. Rg5 Ke6 24. Bc3 f6 25. Rg4 Bc5 26. Ke2 Ba3 27. Rf4 f5 28. bxa3 Rxc3 29. Ra4 g5 30. Rxa6+ Ke5 31. Ra4 Rc2+ 32. Kf1 Rxa2 33. h4 Ra1+ 34. Kg2 gxh4 35. f4+ Kd6 36. Ra6+ Kc5 37. Rf6 Rxa3 38. Rxf5 Kd4 39. Rf8 h3+ 40. Kh2 Rf3 41. Rf5 Kc4 42. Rf8 d4 43. f5 d3 44. f6 Kd5 45. Rd8+ Ke6 46. Kg1 h2+ 47. Kxh2 Rxf2+ 48. Kg3 Rd2 49. Kf3 Kxf6 50. Ke3 Re2+ 51. Kf3 Rd2 52. Ke3 Ra2 53. Rxd3 Kg5 54. Kf3 Kh4 55. Rd4+ Kh3 56. Rd5 Ra3+ 57. Kf4 Kh4 58. Rd1 Ra4+ 59. Kf3 h5 60. Rh1+ Kg5 61. Rg1+ Kf5 62. Kg3 Rg4+ 63. Kh2 Rh4+ 64. Kg3 Rg4+ 65. Kh2 Ra4 66. Rg2 Ra3 67. Rf2+ Kg4 68. Rg2+ Kh4 69. Rb2 Ra4 70. Rg2 Ra3 71. Rb2 Rh3+ 72. Kg2 Rg3+ 73. Kh2 Rg4 74. Rg2 Rd4 75. Rb2 Kg4 76. Rg2+ Kf4 77. Rf2+ Kg5 78. Rg2+ Kh6 79. Kh3 Rd1 80. Rg8 Rh1+ 81. Kg2 Rh4 82. Kg3 Rh1 83. Kg2 Ra1 84. Kh3 Kh7 85. Rg5 Kh6 86. Rg8 Ra3+ 87. Kh4 Ra1 88. Rh8+ Kg6 89. Rg8+ Kf6 90. Rg2 Rh1+ 91. Kg3 Kg5 92. Ra2 Rg1+ 93. Kh3 Rh1+ 94. Kg3 h4+ 95. Kg2 Rc1 96. Ra5+ Kg4 97. Ra4+ Kg5 98. Ra5+ Kg6 99. Ra6+ Kf5 100. Ra5+ Ke6 101. Rh5 Rc4 102. Kh3 Kf6 103. Rxh4 Rc3+ 104. Kg4 Kg6 105. Rh8 Rc4+ 106. Kg3 Kf5 107. Rh5+ Kg6 108. Ra5 Rc3+ 109. Kg4 Rc4+ 110. Kg3 Rc1 111. Ra6+ Kf5 112. Ra5+ Ke6 113. Ra6+ Kd7 114. Ra7+ Kc8 115. Kf4 Kb8 116. Rh7 Rf1+ 117. Ke5 1/2-1/2

[Event "IND-ch (Women) 49th"]
[Site "Ahmedabad"]
[Date "2023.07.02"]
[Round "3"]
[White "Pratyusha, Bodda"]
[Black "Saniya, Rafique Tadavi"]
[Result "1-0"]
[WhiteElo "2250"]
[BlackElo "1671"]
[PlyCount "57"]
[EventDate "2023.06.30"]
[EventType "swiss"]
[EventRounds "11"]
[EventCountry "IND"]
[SourceTitle "CBM 215 Extra"]
[Source "ChessBase"]
[SourceDate "2023.09.30"]
[SourceVersion "1"]
[SourceVersionDate "2023.09.30"]
[SourceQuality "1"]

1. e4 c5 2. Nf3 d6 3. d4 cxd4 4. Nxd4 Nf6 5. Nc3 a6 6. Be2 e5 7. Nb3 Be7 8. Be3 Be6 9. 0-0 0-0 10. f4 exf4 11. Bxf4 Nbd7 12. Kh1 Ne5 13. Qe1 b5 14. a3 Rc8 15. Rd1 Qc7 16. Nd4 Rfd8 17. Qg3 Kh8 18. Bg5 Rf8 19. Nf5 Bxf5 20. Rxf5 Ned7 21. Qh4 Rce8 22. Rd3 Ne5 23. Rxe5 dxe5 24. Rh3 Nh5 25. Qxh5 h6 26. Bxh6 f5 27. Bxg7+ Kg8 28. Qh7+ Kf7 29. Bxe5+ 1-0

[Event "IND-ch (Women) 48th"]
[Site "Hatkanangale"]
[Date "2022.12.31"]
[Round "6"]
[White "Saniya, Rafique Tadavi"]
[Black "Kanishka, S."]
[Result "1-0"]
[WhiteElo "1569"]
[BlackElo "1760"]
[PlyCount "107"]
[EventDate "2022.12.26"]
[EventType "swiss"]
[EventRounds "11"]
[EventCountry "IND"]
[SourceTitle "CBM 212 Extra"]
[Source "ChessBase"]
[SourceDate "2023.03.31"]
[SourceVersion "1"]
[SourceVersionDate "2023.03.31"]
[SourceQuality "1"]

1. e4 c5 2. Nf3 d6 3. d4 cxd4 4. Nxd4 Nf6 5. f3 e6 6. c4 Be7 7. Be2 0-0 8. 0-0 a6 9. Nc3 b6 10. Be3 Bb7 11. Qe1 Nbd7 12. Qg3 Kh8 13. Rfd1 Rc8 14. Rac1 Qc7 15. Qh3 Qb8 16. g4 Ne5 17. g5 Nfd7 18. b3 Nc5 19. f4 Nc6 20. Nf3 Na7 21. f5 exf5 22. exf5 Kg8 23. Nd5 Bxd5 24. Rxd5 g6 25. f6 Rfe8 26. fxe7 Rxe7 27. Nd2 Rce8 28. Nf1 Nc6 29. Bg4 Nb4 30. Rd2 Ne4 31. Rg2 Nd3 32. Rd1 Ne5 33. Bf3 Nxf3+ 34. Qxf3 b5 35. cxb5 Qxb5 36. h4 Re5 37. Bd4 Rf5 38. Qd3 Qc6 39. Ne3 Rf4 40. Ng4 Qd7 41. Nh6+ Kf8 42. Rf1 Rxf1+ 43. Qxf1 d5 44. Rg4 Qe6 45. Rf4 f5 46. gxf6 Rc8 47. f7 Ng3 48. Qf2 Ne2+ 49. Kf1 Rc1+ 50. Kg2 Nxf4+ 51. Qxf4 Qe2+ 52. Qf2 Qe4+ 53. Kg3 Qd3+ 54. Kh2 1-0

[Event "IND-ch (Women) 48th"]
[Site "Hatkanangale"]
[Date "2022.12.26"]
[Round "1"]
[White "Arpita, Mukherjee"]
[Black "Saniya, Rafique Tadavi"]
[Result "1-0"]
[WhiteElo "2211"]
[BlackElo "1569"]
[PlyCount "77"]
[EventDate "2022.12.26"]
[EventType "swiss"]
[EventRounds "11"]
[EventCountry "IND"]
[SourceTitle "CBM 212 Extra"]
[Source "ChessBase"]
[SourceDate "2023.03.31"]
[SourceVersion "1"]
[SourceVersionDate "2023.03.31"]
[SourceQuality "1"]

1. e4 c5 2. Nf3 d6 3. Bb5+ Bd7 4. Bxd7+ Qxd7 5. 0-0 Nf6 6. Qe2 Nc6 7. c3 e6 8. d4 cxd4 9. cxd4 d5 10. e5 Ne4 11. Be3 Be7 12. Ne1 f5 13. exf6 Bxf6 14. f3 Nd6 15. Nc2 0-0 16. Nd2 e5 17. dxe5 Bxe5 18. Qd3 Nf5 19. Bc5 Rf7 20. f4 Bxb2 21. Rad1 Rd8 22. Nf3 d4 23. Ng5 Rf6 24. g4 Qd5 25. gxf5 Qxc5 26. Ne6 Qxf5 27. Qxf5 Rxf5 28. Nxd8 Nxd8 29. Nxd4 Bxd4+ 30. Rxd4 Ne6 31. Rd7 Nxf4 32. Rxb7 Ne2+ 33. Kg2 Nf4+ 34. Kh1 a5 35. a4 g5 36. Rb5 Rxb5 37. axb5 Nd5 38. Rd1 Nb6 39. Rd6 1-0

[Event "IND-ch U19 Girls"]
[Site "Pune"]
[Date "2022.07.16"]
[Round "7"]
[White "Saniya, Rafique Tadavi"]
[Black "Rindhiya, V."]
[Result "0-1"]
[WhiteElo "1540"]
[BlackElo "1838"]
[PlyCount "118"]
[EventDate "2022.07.12"]
[EventType "swiss"]
[EventRounds "11"]
[EventCountry "IND"]
[SourceTitle "EXT 2023"]
[Source "ChessBase"]
[SourceDate "2022.10.05"]
[SourceVersion "1"]
[SourceVersionDate "2022.10.05"]
[SourceQuality "1"]

1. e4 e5 2. Nf3 Nc6 3. d4 exd4 4. Nxd4 Nf6 5. Nxc6 bxc6 6. e5 Qe7 7. Qe2 Nd5 8. c4 Ba6 9. b3 g6 10. f4 Bg7 11. Qf2 Nb6 12. Ba3 d6 13. Nd2 Qe6 14. Be2 dxe5 15. fxe5 Bxe5 16. Rd1 0-0-0 17. Ne4 Rxd1+ 18. Kxd1 Rd8+ 19. Kc2 Bd4 20. Qf3 Re8 21. Bd3 Bxc4 22. Nd6+ cxd6 23. Qxc6+ Kd8 24. bxc4 Qd7 25. Qxd6 Qxd6 26. Bxd6 Re6 27. Bb4 Na4 28. Rf1 f5 29. Rf4 Be5 30. Rh4 h5 31. Ba3 Bd6 32. Rd4 Kc7 33. Bc1 Bxh2 34. Bg5 Rd6 35. Rh4 Be5 36. Rh3 Nc5 37. Be2 Ne6 38. Bd2 Nd4+ 39. Kd1 Nxe2 40. Kxe2 Rd4 41. c5 Ra4 42. a3 Kc6 43. Re3 Bf4 44. Re6+ Kxc5 45. Bb4+ Kb5 46. Rxg6 a5 47. Bf8 Bc1 48. Rg3 Rg4 49. Kf3 Rxg3+ 50. Kxg3 Bg5 51. Kf3 Ka4 52. Kg3 Kb3 53. Bd6 a4 54. Kf3 Bc1 55. Ke2 Bxa3 56. Be5 Bb2 57. Bd6 a3 58. Bxa3 Kxa3 59. Kf3 Be5 0-1

[Event "IND-ch U17 Girls"]
[Site "Bhubaneswar"]
[Date "2022.07.05"]
[Round "7"]
[White "Bhagyashree, Patil"]
[Black "Saniya, Rafique Tadavi"]
[Result "1-0"]
[WhiteElo "1908"]
[BlackElo "1540"]
[PlyCount "120"]
[EventDate "2022.07.01"]
[EventType "swiss"]
[EventRounds "11"]
[EventCountry "IND"]
[SourceTitle "EXT 2023"]
[Source "ChessBase"]
[SourceDate "2022.10.05"]
[SourceVersion "1"]
[SourceVersionDate "2022.10.05"]
[SourceQuality "1"]

1. d4 Nf6 2. Nf3 d6 3. g3 g6 4. Bg2 Bg7 5. 0-0 0-0 6. Nc3 Nbd7 7. e4 e5 8. dxe5 dxe5 9. b3 c6 10. Qe2 Qa5 11. Bb2 Re8 12. Nd2 Nc5 13. Nc4 Qc7 14. Rfd1 Nfd7 15. Nd6 Re6 16. Nxc8 Rxc8 17. b4 Na6 18. Bh3 Re7 19. b5 Nac5 20. Ba3 Bf8 21. Bxc5 Nxc5 22. Bxc8 Qxc8 23. bxc6 bxc6 24. Qc4 Re8 25. Rd2 Ne6 26. Rad1 Nd4 27. Rxd4 exd4 28. Rxd4 Qg4 29. Rd3 Bg7 30. f3 Qh3 31. Ne2 Rb8 32. Rd1 Bh6 33. f4 Qg4 34. Kg2 Bf8 35. h3 Qh5 36. Rd7 g5 37. fxg5 Rb4 38. Nf4 Qxh3+ 39. Kxh3 Rxc4 40. Nh5 Rxc2 41. Rxa7 Rc5 42. Kg4 h6 43. Nf6+ Kg7 44. Nh5+ Kg8 45. gxh6 Bxh6 46. Nf4 Bg7 47. Ra4 Rc3 48. Nh5 Be5 49. Kf5 Bxg3 50. Ra8+ Kh7 51. Rf8 Rc5+ 52. Kg4 Be5 53. Rxf7+ Kg6 54. Rf5 Ra5 55. Nf4+ Kg7 56. Ne6+ Kg6 57. Nd8 Rc5 58. a4 Bd4 59. Rxc5 Bxc5 60. Nxc6 Kf6 1-0

[Event "IND-ch U17 Girls"]
[Site "Bhubaneswar"]
[Date "2022.07.02"]
[Round "2"]
[White "Kheerthi, Ganta"]
[Black "Saniya, Rafique Tadavi"]
[Result "1/2-1/2"]
[WhiteElo "1765"]
[BlackElo "1540"]
[PlyCount "66"]
[EventDate "2022.07.01"]
[EventType "swiss"]
[EventRounds "11"]
[EventCountry "IND"]
[SourceTitle "EXT 2023"]
[Source "ChessBase"]
[SourceDate "2022.10.05"]
[SourceVersion "1"]
[SourceVersionDate "2022.10.05"]
[SourceQuality "1"]

1. d4 Nf6 2. c4 g6 3. Nc3 Bg7 4. Nf3 d6 5. Bg5 0-0 6. e3 c5 7. d5 Na6 8. Be2 Nc7 9. h3 a6 10. 0-0 Rb8 11. a4 Bd7 12. Rb1 h6 13. Bh4 b5 14. axb5 axb5 15. b4 cxb4 16. Rxb4 bxc4 17. Rxc4 g5 18. Bg3 Nb5 19. Nxb5 Bxb5 20. Rd4 Qa5 21. Bxb5 Rxb5 22. e4 Rfb8 23. Nd2 Nd7 24. Ra4 Qc7 25. Qe2 Rb2 26. Qc4 Qxc4 27. Nxc4 R2b4 28. Rxb4 Rxb4 29. Rc1 Nc5 30. Nxd6 Nxe4 31. Rc8+ Kh7 32. Nxe4 Rxe4 33. Re8 f5 1/2-1/2

[Event "IND-ch U18 Girls"]
[Site "Pollachi"]
[Date "2022.04.20"]
[Round "6"]
[White "Saniya, Rafique Tadavi"]
[Black "Anupam, M Sreekumar"]
[Result "0-1"]
[WhiteElo "1370"]
[BlackElo "1653"]
[PlyCount "178"]
[EventDate "2022.04.18"]
[EventType "swiss"]
[EventRounds "11"]
[EventCountry "IND"]
[SourceTitle "CBM 208 Extra"]
[Source "ChessBase"]
[SourceDate "2022.07.31"]
[SourceVersion "1"]
[SourceVersionDate "2022.07.31"]
[SourceQuality "1"]

1. e4 e5 2. Nf3 Nc6 3. d4 exd4 4. Bc4 Bc5 5. c3 Nf6 6. e5 d5 7. Bb5 Ne4 8. cxd4 Bb6 9. 0-0 Bg4 10. Be3 0-0 11. Bxc6 bxc6 12. Qc1 Qd7 13. Nbd2 f6 14. exf6 gxf6 15. Nxe4 dxe4 16. Nd2 Rae8 17. Kh1 Kh8 18. f3 Bf5 19. Qc3 Rg8 20. Rad1 Qg7 21. Rg1 exf3 22. Nxf3 Be4 23. Bf2 Bd5 24. a4 a5 25. Qd2 Qg4 26. Bh4 Rg6 27. Qf2 Reg8 28. Bg3 Bxf3 29. Qxf3 Qxf3 30. gxf3 Rd8 31. Bf2 Rxg1+ 32. Kxg1 Rd5 33. Rc1 Bxd4 34. Rxc6 Bxb2 35. Rxc7 Be5 36. Ra7 Rd1+ 37. Kg2 Rd2 38. Ra8+ Kg7 39. Kf1 Bc3 40. Ra7+ Kg6 41. Rc7 Be5 42. Rc4 Bxh2 43. Rc5 Be5 44. Rxa5 h5 45. Be3 Rd7 46. f4 Bd4 47. f5+ Kf7 48. Bxd4 Rxd4 49. Kg2 Rd3 50. Rb5 Kg7 51. a5 Ra3 52. Rb7+ Kh6 53. Ra7 Kg5 54. a6 h4 55. Ra8 Kg4 56. a7 h3+ 57. Kg1 Ra1+ 58. Kh2 Ra2+ 59. Kg1 h2+ 60. Kh1 Kxf5 61. Rg8 Rxa7 62. Kxh2 Kf4 63. Rf8 f5 64. Kg2 Ra2+ 65. Kf1 Kg4 66. Ke1 f4 67. Rf7 Kg3 68. Rf8 Ra1+ 69. Ke2 Ra2+ 70. Ke1 Kf3 71. Rf7 Ra1+ 72. Kd2 Rg1 73. Rf8 Rg4 74. Ke1 Rg1+ 75. Kd2 Rf1 76. Rf7 Kg2 77. Ke2 f3+ 78. Kd2 Kf2 79. Kd3 Ra1 80. Rf8 Ra3+ 81. Kd2 Kf1 82. Rf7 f2 83. Rf8 Kg2 84. Ke2 Ra2+ 85. Ke3 f1Q 86. Rg8+ Kh3 87. Rh8+ Kg4 88. Rg8+ Kh5 89. Rh8+ Kg6 0-1

[Event "Eastern Asia-ch U16 Girls"]
[Site "Tornelo INT"]
[Date "2021.10.24"]
[Round "7"]
[White "Divya, Deshmukh"]
[Black "Saniya, Rafique Tadavi"]
[Result "1-0"]
[WhiteElo "1775"]
[BlackElo "1297"]
[PlyCount "75"]
[EventDate "2021.10.22"]
[EventType "swiss"]
[EventRounds "9"]
[EventCountry "NET"]
[SourceTitle "EXT 2023"]
[Source "ChessBase"]
[SourceDate "2022.10.05"]
[SourceVersion "1"]
[SourceVersionDate "2022.10.05"]
[SourceQuality "1"]

1. e4 c5 2. Nf3 d6 3. d4 cxd4 4. Nxd4 Nf6 5. Nc3 a6 6. g3 e5 7. Nde2 Be7 8. Bg2 Be6 9. 0-0 0-0 10. h3 Nbd7 11. f4 b5 12. a3 Nc5 13. Be3 Qc8 14. f5 Bc4 15. g4 h6 16. Qd2 Kh7 17. Rad1 a5 18. b3 Bxe2 19. Qxe2 b4 20. axb4 axb4 21. Nd5 Nxd5 22. Rxd5 Nd7 23. Rd2 Qc3 24. Rf3 Qc6 25. h4 Rh8 26. g5 hxg5 27. hxg5 f6 28. Rh3+ Kg8 29. Rxh8+ Kxh8 30. g6 Ra1+ 31. Rd1 Rxd1+ 32. Qxd1 Nf8 33. Kf2 Qc3 34. Bf1 d5 35. Qxd5 Qxc2+ 36. Kf3 Qh2 37. Bc4 Qh5+ 38. Kg3 1-0

[Event "Eastern Asia-ch U16 Girls"]
[Site "Tornelo INT"]
[Date "2021.10.24"]
[Round "8"]
[White "Saniya, Rafique Tadavi"]
[Black "Meenatchi Rajam, V."]
[Result "0-1"]
[WhiteElo "1297"]
[BlackElo "1641"]
[PlyCount "90"]
[EventDate "2021.10.22"]
[EventType "swiss"]
[EventRounds "9"]
[EventCountry "NET"]
[SourceTitle "EXT 2023"]
[Source "ChessBase"]
[SourceDate "2022.10.05"]
[SourceVersion "1"]
[SourceVersionDate "2022.10.05"]
[SourceQuality "1"]

1. Nf3 Nf6 2. c4 g6 3. g3 Bg7 4. Bg2 0-0 5. 0-0 d6 6. Nc3 e5 7. d4 Nbd7 8. e4 a5 9. b3 exd4 10. Nxd4 Nc5 11. h3 Re8 12. f3 Nh5 13. Kh2 c6 14. f4 Qe7 15. Bb2 a4 16. b4 Ne6 17. Nde2 a3 18. Bc1 Nf8 19. Rb1 f5 20. Nd4 Qf6 21. Be3 Ne6 22. Nce2 fxe4 23. Nxe6 Qxe6 24. Qc2 Bd7 25. b5 cxb5 26. cxb5 Rac8 27. Qa4 Qxa2 28. Nd4 Bxd4 29. Qxd4 Rc2 30. Bf2 Rd2 31. Qe3 Rd3 32. Ra1 Qb3 33. Qb6 Qxb5 34. Rfb1 Qxb6 35. Rxb6 Bc6 36. Be1 Kf7 37. Bf1 Rf3 38. Be2 Re3 39. Bxh5 gxh5 40. Bb4 Re2+ 41. Kg1 a2 42. Bxd6 e3 43. Be5 Rg2+ 44. Kf1 e2+ 45. Ke1 Rg1+ 0-1

[Event "Eastern Asia-ch U16 Girls"]
[Site "Tornelo INT"]
[Date "2021.10.22"]
[Round "1"]
[White "Saniya, Rafique Tadavi"]
[Black "Abbaspoorrad, Nikoo"]
[Result "0-1"]
[WhiteElo "1297"]
[BlackElo "1763"]
[PlyCount "112"]
[EventDate "2021.10.22"]
[EventType "swiss"]
[EventRounds "9"]
[EventCountry "NET"]
[SourceTitle "EXT 2023"]
[Source "ChessBase"]
[SourceDate "2022.10.05"]
[SourceVersion "1"]
[SourceVersionDate "2022.10.05"]
[SourceQuality "1"]

1. d4 Nf6 2. Nf3 g6 3. g3 Bg7 4. Bg2 0-0 5. 0-0 d6 6. c4 Nbd7 7. Nc3 e5 8. e4 exd4 9. Nxd4 Re8 10. Be3 a5 11. b3 Nc5 12. f3 Nfd7 13. Qd2 Ne5 14. Rad1 a4 15. h3 axb3 16. axb3 Bd7 17. Qe2 Qc8 18. Kh2 Ra3 19. Bc1 Ra1 20. Bb2 Rxd1 21. Rxd1 h5 22. b4 Ne6 23. Ndb5 h4 24. Nd5 hxg3+ 25. Kxg3 Qd8 26. Bc1 c6 27. Nxd6 cxd5 28. cxd5 Nf8 29. Nxe8 Qxe8 30. Kh2 Bb5 31. Qe3 Nc4 32. Qc5 b6 33. Qf2 Nd7 34. Bf1 Qe5+ 35. Qg3 Qc3 36. Qe1 Qxf3 37. Bg2 Be5+ 38. Kh1 Qf6 39. h4 Bc3 40. Qg3 Bxb4 41. Bg5 Qd6 42. Qxd6 Bxd6 43. Rb1 Ba6 44. Ra1 Nb8 45. Bf6 Kf8 46. Bf1 b5 47. Bxc4 bxc4 48. e5 Bc5 49. Rb1 Nd7 50. Ra1 Bb7 51. Rd1 Nxf6 52. exf6 Ke8 53. Kh2 c3 54. Kg3 Kd7 55. Kf4 Ba3 56. Ra1 c2 0-1

[Event "Eastern Asia-ch U16 Girls"]
[Site "Tornelo INT"]
[Date "2021.10.22"]
[Round "3"]
[White "Saniya, Rafique Tadavi"]
[Black "Nguyen, Ngo Lien Huong"]
[Result "1-0"]
[WhiteElo "1297"]
[BlackElo "1563"]
[PlyCount "122"]
[EventDate "2021.10.22"]
[EventType "swiss"]
[EventRounds "9"]
[EventCountry "NET"]
[SourceTitle "EXT 2023"]
[Source "ChessBase"]
[SourceDate "2022.10.05"]
[SourceVersion "1"]
[SourceVersionDate "2022.10.05"]
[SourceQuality "1"]

1. d4 d5 2. Nf3 Nf6 3. c4 e6 4. g3 b6 5. Bg2 Bb7 6. Ne5 Nbd7 7. Qa4 Bd6 8. Nc6 Qc8 9. cxd5 Nxd5 10. e4 Bxc6 11. Qxc6 Bb4+ 12. Bd2 Ne7 13. Qb5 Bxd2+ 14. Nxd2 c6 15. Qg5 Ng6 16. 0-0 0-0 17. h4 Qd8 18. Qe3 Nf6 19. Rac1 Rc8 20. Bf3 e5 21. d5 cxd5 22. Rxc8 Qxc8 23. exd5 Qf5 24. Rd1 Rd8 25. Qg5 Qc2 26. h5 h6 27. Qe3 Ne7 28. Qxe5 Nexd5 29. Ne4 Re8 30. Nxf6+ Nxf6 31. Qd4 Qf5 32. Qd3 Qe5 33. Rd2 Qe1+ 34. Kg2 Qc1 35. Rc2 Qg5 36. Qd1 Nh7 37. Rc7 Qf6 38. Qd7 Rd8 39. Rc8 Rxc8 40. Qxc8+ Nf8 41. b3 Qe7 42. Bd5 Qd7 43. Qa8 Kh7 44. Be4+ Kg8 45. a4 f5 46. Bd5+ Kh7 47. Bc4 Qe7 48. Qd5 Qe4+ 49. Qxe4 fxe4 50. Bf7 g5 51. hxg6+ Nxg6 52. Bd5 Kg7 53. Bxe4 Ne5 54. f4 Nd7 55. Kf3 Kf6 56. g4 Nc5 57. Bd5 a5 58. Ke3 Na6 59. Kd4 Nb4 60. Bg8 Nc2+ 61. Ke4 Nb4 1-0